[Event "aut_ch03"]
[Site "Hartberg, Stmk"]
[Date "2003.07.27"]
[Round "1"]
[Board "1"]
[White "Ragger, Markus"]
[Black "Baumegger, Siegfried"]
[Result "1-0"]
[WhiteElo "2347"]
[BlackElo "2375"]
[PlyCount "85"]

1.e4 e5 2.Nf3 Nc6 3.d4 exd4 4.Nxd4 Nf6 5.Nxc6 bxc6 6.e5 Qe7 7.Qe2 Nd5 8.c4 Nb6
9.Nc3 Ba6 10.Qe4 Qe6 11.b3 Bb4 12.Bd2 Bxc3 13.Bxc3 d5 14.Qh4 dxc4 15.Be2 Nd5
16.Bxc4 Bxc4 17.Qxc4 g5 18.O-O O-O-O 19.Qa6+ Kb8 20.Bd4 Nb6 21.Be3 Qxe5 22.a4
Rd6 23.Rac1 Rhd8 24.a5 Nc8 25.Bc5 Rh6 26.h3 Qd5 27.Rc4 Rh4 28.f4 Ka8 29.Be3 Qb5
30.Qxb5 cxb5 31.Rxc7 gxf4 32.Bf2 Rh6 33.Rfc1 Kb8 34.Rxf7 Nd6 35.Rxa7 Ne4 36.Bb6
Rc8 37.Rxc8+ Kxc8 38.Rf7 Rf6 39.Rxf6 Nxf6 40.Kf2 Ne4+ 41.Kf3 Nd2+ 42.Ke2 Ne4
43.b4

[Event "aut_ch03"]
[Site "Hartberg, Stmk"]
[Date "2003.07.27"]
[Round "1"]
[Board "1"]
[White "Sommerbauer, Norbert"]
[Black "Schroll, Gerhard"]
[Result "1-0"]
[WhiteElo "2413"]
[BlackElo "2414"]
[PlyCount "105"]

1.e4 Nf6 2.e5 Nd5 3.d4 d6 4.Nf3 dxe5 5.Nxe5 g6 6.Bc4 c6 7.O-O Bg7 8.Re1 O-O
9.Bb3 Be6 10.Nd2 Nd7 11.Ndf3 Nxe5 12.Nxe5 Nc7 13.c3 Bd5 14.Bf4 Ne6 15.Bg3 b5
16.Nxc6 Bxc6 17.d5 Bd7 18.dxe6 Bxe6 19.Bxe6 fxe6 20.Qb3 Qd5 21.Rxe6 Qxb3 22.axb3
Kf7 23.Re2 a5 24.Be5 Bf6 25.g3 Rfc8 26.Kg2 Rc6 27.f4 Raa6 28.Kf3 a4 29.bxa4 bxa4
30.Bxf6 Kxf6 31.Re4 a3 32.Rxa3 Rxa3 33.bxa3 Rxc3+ 34.Re3 Rc2 35.h4 h6 36.Ke4 Rc8
37.Kd5 Ra8 38.Kc4 Rc8+ 39.Kb3 Rb8+ 40.Ka2 Ra8 41.Re5 Rd8 42.Re3 Ra8 43.Kb3 Rb8+
44.Kc2 Ra8 45.Kb2 Ra7 46.Re5 Rd7 47.a4 Rd3 48.a5 Rxg3 49.a6 Rg2+ 50.Kb3 Rg3+
51.Kb4 Rg4 52.Ra5 Rxf4+ 53.Kc3

[Event "aut_ch03"]
[Site "Hartberg, Stmk"]
[Date "2003.07.27"]
[Round "1"]
[Board "1"]
[White "Titz, Heimo"]
[Black "Danner, Georg"]
[Result "0-1"]
[WhiteElo "2295"]
[BlackElo "2359"]
[PlyCount "68"]

1.d4 d5 2.Nf3 c6 3.e3 Bf5 4.Bd3 Bg6 5.O-O e6 6.c4 Nf6 7.Nc3 Nbd7 8.Qe2 Bb4 9.Bd2
Qe7 10.a3 Bxd3 11.Qxd3 Bd6 12.e4 dxc4 13.Qxc4 e5 14.Bg5 O-O 15.Rad1 Rfe8 16.Rfe1
exd4 17.Bxf6 Nxf6 18.Rxd4 Bc5 19.Rd2 b5 20.Qb3 Rad8 21.Rxd8 Rxd8 22.h3 Rd3
23.Qc2 Rxf3 24.gxf3 Nh5 25.Qd2 Qh4 26.Nd1 Nf4 27.Qd7 Nxh3+ 28.Kf1 Nf4 29.Qc8+
Bf8 30.Kg1 Nh3+ 31.Kf1 Nf4 32.Kg1 h5 33.Re3 g6 34.Qxc6 Qh3

[Event "aut_ch03"]
[Site "Hartberg, Stmk"]
[Date "2003.07.27"]
[Round "1"]
[Board "1"]
[White "spielfrei, "]
[Black "Neubauer, Martin"]
[Result "0-0"]
[WhiteElo "2394"]
[BlackElo "2417"]
[PlyCount "60"]

1.e4 e5 2.Bc4 Nf6 3.d3 c6 4.Nf3 d5 5.Bb3 a5 6.a3 a4 7.Ba2 Bd6 8.Nc3 Be6 9.Bg5 d4
10.Ne2 Bxa2 11.Rxa2 h6 12.Bd2 c5 13.Ng3 Nc6 14.Nf5 Bf8 15.O-O g6 16.Ng3 h5
17.Ra1 h4 18.Ne2 h3 19.g3 Bh6 20.Kh1 Ng4 21.Nfg1 Bxd2 22.Qxd2 f6 23.f4 Qe7
24.Rf3 Ne3 25.Rxe3 dxe3 26.Qxe3 Nd4 27.Rc1 O-O-O 28.Nc3 Qd7 29.Nd5 Qb5 30.c3
Qxb2

[Event "aut_ch03"]
[Site "Hartberg, Stmk"]
[Date "2003.07.28"]
[Round "2"]
[Board "1"]
[White "Schweda, Roland"]
[Black "Wittmann, Walter"]
[Result "0-1"]
[WhiteElo "2381"]
[BlackElo "2359"]
[PlyCount "98"]

1.d4 Nf6 2.Nd2 d5 3.Ngf3 g6 4.g3 Bg7 5.Bg2 O-O 6.O-O Nc6 7.c4 dxc4 8.Nxc4 Be6
9.b3 Bd5 10.Bb2 a5 11.Rc1 a4 12.bxa4 Ra6 13.a3 Qa8 14.Ne3 Be4 15.Ne5 Bxg2
16.Kxg2 Rxa4 17.Nxc6 bxc6 18.Kg1 Rb8 19.Rc4 Rxc4 20.Nxc4 Ne4 21.Qc2 Ng5 22.f4
Ne6 23.e3 c5 24.Ne5 cxd4 25.exd4 Qd5 26.Rd1 c5 27.Rd2 Rd8 28.Qa4 Bxe5 29.fxe5
cxd4 30.Qd1 Qxe5 31.Kg2 Qd5+ 32.Qf3 Qb5 33.Qd3 Qa4 34.Qe4 Qb3 35.h4 f5 36.Qe5
Qd5+ 37.Qxd5 Rxd5 38.Kf2 d3 39.Ke3 Nc5 40.Bd4 e5 41.Bxc5 Rxc5 42.Rxd3 Ra5
43.Rd8+ Kg7 44.Rd7+ Kh6 45.Kf2 Rxa3 46.Kg2 Kh5 47.Rxh7+ Kg4 48.h5 Ra2+ 49.Kf1
gxh5

[Event "aut_ch03"]
[Site "Hartberg, Stmk"]
[Date "2003.07.28"]
[Round "2"]
[Board "1"]
[White "Stanec, Nikolaus"]
[Black "Kummer, Helmut"]
[Result "1/2-1/2"]
[WhiteElo "2560"]
[BlackElo "2336"]
[PlyCount "77"]

1.c4 Nf6 2.g3 c5 3.Bg2 g6 4.Nc3 Bg7 5.a3 Nc6 6.Rb1 a5 7.Nh3 d6 8.Nf4 O-O 9.d3
Bd7 10.O-O Ne8 11.Bd2 Rb8 12.Nb5 Nc7 13.Nxc7 Qxc7 14.Nd5 Qd8 15.Nc3 b6 16.Nb5
Nd4 17.Nxd4 Bxd4 18.b4 axb4 19.axb4 Qc8 20.Bh6 Re8 21.e3 Bf6 22.b5 Bh3 23.e4
Bxg2 24.Kxg2 Ra8 25.Qe2 Ra4 26.h4 Qe6 27.Be3 h5 28.Rbc1 Rea8 29.Rc2 Ra3 30.Rd1
Bd4 31.Bxd4 cxd4 32.Rdd2 Qc8 33.Ra2 e5 34.Rxa3 Rxa3 35.Ra2 Qa8 36.Rxa3 Qxa3
37.Kf3 Kg7 38.Qd2 Qb3 39.Ke2

[Event "aut_ch03"]
[Site "Hartberg, Stmk"]
[Date "2003.07.28"]
[Round "2"]
[Board "1"]
[White "Knoll, Hermann"]
[Black "Lendwai, Reinhard"]
[Result "1/2-1/2"]
[WhiteElo "2361"]
[BlackElo "2444"]
[PlyCount "44"]

1.d4 Nf6 2.Nf3 c5 3.c3 b6 4.Bf4 e6 5.e3 Be7 6.h3 O-O 7.Be2 Ba6 8.Nbd2 Bxe2
9.Qxe2 d5 10.O-O Nc6 11.Rfd1 Qc8 12.Ne5 Qb7 13.Ndf3 Rac8 14.Nxc6 Rxc6 15.Ne5
Rcc8 16.Bg5 c4 17.a4 a6 18.Ra2 h6 19.Bxf6 Bxf6 20.Ng4 Be7 21.Rb1 Bd6 22.Nh2 Qc7

[Event "aut_ch03"]
[Site "Hartberg, Stmk"]
[Date "2003.07.28"]
[Round "2"]
[Board "1"]
[White "Schroll, Gerhard"]
[Black "Titz, Heimo"]
[Result "1/2-1/2"]
[WhiteElo "2414"]
[BlackElo "2295"]
[PlyCount "117"]

1.d4 Nf6 2.c4 e6 3.Nc3 Bb4 4.Qc2 O-O 5.Nf3 c5 6.dxc5 Na6 7.g3 Qa5 8.Bd2 Nxc5
9.a3 b6 10.b3 Bb7 11.Bg2 Bxc3 12.Bxc3 Qa6 13.Bxf6 gxf6 14.O-O Rad8 15.Qb2 Ne4
16.Ne1 f5 17.Nd3 f6 18.Rfd1 Ba8 19.f3 Nc5 20.Nf4 b5 21.Nh5 e5 22.Qc2 bxc4
23.Qxf5 Qe6 24.Qxe6+ Nxe6 25.bxc4 Nd4 26.Kf2 Rc8 27.e3 Nb3 28.Rab1 Nc5 29.Rd6
Rc6 30.Rxc6 Bxc6 31.g4 f5 32.g5 Kf7 33.h4 Kg6 34.Nf6 h6 35.f4 hxg5 36.fxg5 Nd3+
37.Kg1 Rh8 38.Bxc6 dxc6 39.Rb7 Rxh4 40.Rxa7 Rxc4 41.Nh7 Rh4 42.Nf8+ Kxg5 43.Rg7+
Kf6 44.Rc7 Rc4 45.a4 Rxa4 46.Rxc6+ Kg5 47.Kg2 Ra2+ 48.Kg3 f4+ 49.Kf3 Ne1+ 50.Ke4
Ra4+ 51.Kxe5 Nf3+ 52.Kd5 fxe3 53.Re6 Ra3 54.Nd7 Kf4 55.Nc5 Kg3 56.Kc4 Kf2
57.Ne4+ Ke1 58.Nc3 Nd2+ 59.Kd3

[Event "aut_ch03"]
[Site "Hartberg, Stmk"]
[Date "2003.07.28"]
[Round "2"]
[Board "1"]
[White "Baumegger, Siegfried"]
[Black "Sommerbauer, Norbert"]
[Result "0-1"]
[WhiteElo "2375"]
[BlackElo "2413"]
[PlyCount "120"]

1.e4 c5 2.Nf3 d6 3.d4 cxd4 4.Nxd4 Nf6 5.Nc3 a6 6.Be2 e5 7.Nb3 Be7 8.O-O O-O
9.Be3 Be6 10.Qd2 Nbd7 11.a4 Qc7 12.a5 Rac8 13.Rfd1 Rfd8 14.Qe1 h6 15.Rd2 Nc5
16.Nxc5 dxc5 17.f3 Rxd2 18.Qxd2 c4 19.Na4 Nd7 20.Qc3 Qc6 21.Qe1 Qb5 22.b3 Bb4
23.Bd2 Bxd2 24.Qxd2 c3 25.Qxc3 Rxc3 26.Bxb5 Rxc2 27.Bxd7 Bxd7 28.Rd1 Bxa4
29.bxa4 Ra2 30.Rd8+ Kh7 31.Rd7 f6 32.Rxb7 Rxa4 33.h4 h5 34.Ra7 Rxa5 35.Kh2 Ra2
36.Kh3 a5 37.g4 Ra3 38.Kg3 hxg4 39.Kxg4 Ra1 40.Kg3 a4 41.f4 exf4+ 42.Kxf4 a3
43.Kg3 a2 44.Kg2 Kg6 45.Ra5 Kf7 46.Ra6 Ke7 47.Kh2 Kd7 48.Kg2 Kc7 49.Kh2 Kb7
50.Ra3 Kc6 51.Kg2 Kc5 52.Ra4 Kb5 53.Ra8 Kc4 54.Kh2 Kd3 55.Ra4 Ke3 56.Kg2 Kf4
57.h5 Ke3 58.Ra7 Kxe4 59.Re7+ Kd5 60.Ra7 f5

[Event "aut_ch03"]
[Site "Hartberg, Stmk"]
[Date "2003.07.28"]
[Round "2"]
[Board "1"]
[White "Volkmann, Friedrich Karl"]
[Black "Ragger, Markus"]
[Result "1/2-1/2"]
[WhiteElo "2455"]
[BlackElo "2347"]
[PlyCount "27"]

1.e4 e5 2.Nf3 Nc6 3.Bb5 a6 4.Ba4 Nf6 5.O-O Be7 6.Bxc6 dxc6 7.Qe1 c5 8.b3 Nd7
9.Bb2 f6 10.Nc3 Nb8 11.Nd5 Nc6 12.c3 Be6 13.Nxe7 Qxe7 14.d4

[Event "aut_ch03"]
[Site "Hartberg, Stmk"]
[Date "2003.07.29"]
[Round "3"]
[Board "1"]
[White "Ragger, Markus"]
[Black "Schweda, Roland"]
[Result "1/2-1/2"]
[WhiteElo "2347"]
[BlackElo "2381"]
[PlyCount "118"]

1.e4 Nf6 2.e5 Nd5 3.Nf3 c6 4.d4 d6 5.Be2 dxe5 6.Nxe5 Nd7 7.Nd3 g6 8.Nd2 Bg7
9.Nf3 O-O 10.O-O N7f6 11.Re1 Bf5 12.c3 Re8 13.Qb3 Qc8 14.Nfe5 Bxd3 15.Nxd3 e6
16.Bf3 Qc7 17.c4 Nb6 18.Bf4 Qc8 19.Rad1 Nfd7 20.Be3 Qc7 21.Rc1 e5 22.dxe5 Nxe5
23.Nxe5 Bxe5 24.g3 Nd7 25.Rcd1 Nf8 26.Rd3 h5 27.Red1 h4 28.Bh6 hxg3 29.hxg3 Qb6
30.Be3 Qc7 31.Bh6 Bg7 32.Bxg7 Kxg7 33.Qc3+ Kg8 34.Kg2 Qe5 35.Qxe5 Rxe5 36.Rd8
Re8 37.Rxa8 Rxa8 38.b4 Re8 39.c5 Rc8 40.Kf1 Kg7 41.Ke2 Kf6 42.Kd3 Rd8+ 43.Kc4
Rxd1 44.Bxd1 Nd7 45.Kd4 Ke6 46.Bf3 a6 47.Bg2 g5 48.Bf1 Ne5 49.f4 gxf4 50.gxf4
Nf3+ 51.Ke3 Nh4 52.Bc4+ Ke7 53.Bb3 f5 54.a4 Ng2+ 55.Kf3 Nh4+ 56.Ke3 Ng2+ 57.Kf3
Nh4+ 58.Ke3 Ng2+ 59.Kf3 Nh4+

[Event "aut_ch03"]
[Site "Hartberg, Stmk"]
[Date "2003.07.29"]
[Round "3"]
[Board "1"]
[White "Titz, Heimo"]
[Black "Baumegger, Siegfried"]
[Result "0-1"]
[WhiteElo "2295"]
[BlackElo "2375"]
[PlyCount "92"]

1.c4 e5 2.Nc3 d6 3.g3 Nc6 4.Bg2 g6 5.e3 Bg7 6.Nge2 Nh6 7.O-O O-O 8.d3 Be6 9.Rb1
Qd7 10.b4 Bh3 11.b5 Bxg2 12.Kxg2 Nd8 13.e4 Ne6 14.Bd2 f5 15.Qc1 Ng4 16.f3 Nf6
17.Nd5 Nh5 18.Be3 Rf7 19.Qd2 f4 20.gxf4 c6 21.bxc6 bxc6 22.fxe5 Bxe5 23.Ndc3
Raf8 24.d4 Bf4 25.d5 Ng5 26.Nxf4 Nxf4+ 27.Kh1 Qh3 28.Bxf4 Rxf4 29.Qg2 Qh5
30.dxc6 Nxf3 31.Nd5 R4f7 32.Rxf3 Rxf3 33.c7 R3f7 34.h3 Kg7 35.Qg4 Qe5 36.Re1 Rf2
37.Qg1 Qh5 38.Qg4 Qe5 39.Qg1 R2f3 40.Qg2 Qh5 41.Kg1 Rxh3 42.Nf4 Qc5+ 43.Qf2 Rh1+
44.Kxh1 Qxf2 45.Ne6+ Kg8 46.Nxf8 Qxe1+

[Event "aut_ch03"]
[Site "Hartberg, Stmk"]
[Date "2003.07.29"]
[Round "3"]
[Board "1"]
[White "Lendwai, Reinhard"]
[Black "Neubauer, Martin"]
[Result "1/2-1/2"]
[WhiteElo "2444"]
[BlackElo "2417"]
[PlyCount "23"]

1.e4 Nf6 2.e5 Nd5 3.Nc3 Nxc3 4.dxc3 d6 5.Bc4 Nc6 6.Nf3 dxe5 7.Qxd8+ Nxd8 8.Nxe5
f6 9.Nd3 e5 10.O-O Be6 11.Bxe6 Nxe6 12.Re1

[Event "aut_ch03"]
[Site "Hartberg, Stmk"]
[Date "2003.07.29"]
[Round "3"]
[Board "1"]
[White "Kummer, Helmut"]
[Black "Knoll, Hermann"]
[Result "1-0"]
[WhiteElo "2336"]
[BlackElo "2361"]
[PlyCount "77"]

1.d4 Nf6 2.c4 e6 3.Nf3 b6 4.g3 Ba6 5.Nbd2 c5 6.dxc5 Bxc5 7.a3 Bb7 8.b4 Be7 9.Bb2
O-O 10.Bg2 d6 11.O-O Nbd7 12.Qb3 Qc7 13.Rac1 Rac8 14.Qd3 Rfd8 15.e4 Qb8 16.Rfe1
Bf8 17.Qe2 Qa8 18.Nd4 Re8 19.f3 a6 20.Red1 Qb8 21.N4b3 Bc6 22.Nd4 Ba8 23.Nc2 Bb7
24.Ne1 Qa8 25.Nd3 e5 26.Nf1 b5 27.Ne3 Bc6 28.Bh3 Qa7 29.c5 dxc5 30.Nxe5 Nxe5
31.Bxc8 Nxf3+ 32.Qxf3 Bxe4 33.Qf4 Nh5 34.Qg5 Rxc8 35.Qxh5 cxb4 36.Bd4 Qa8
37.Rxc8 Qxc8 38.axb4 Bxb4 39.Qe5

[Event "aut_ch03"]
[Site "Hartberg, Stmk"]
[Date "2003.07.30"]
[Round "4"]
[Board "1"]
[White "Knoll, Hermann"]
[Black "Wittmann, Walter"]
[Result "1/2-1/2"]
[WhiteElo "2361"]
[BlackElo "2359"]
[PlyCount "76"]

1.Nf3 Nf6 2.c4 g6 3.b3 Bg7 4.Bb2 c5 5.g3 d6 6.Bg2 e5 7.O-O O-O 8.d3 Nc6 9.e3 h6
10.Nc3 Re8 11.a3 a5 12.Nd2 Rb8 13.Nde4 Rf8 14.Nb5 Ne8 15.Nec3 f5 16.Nd5 Nf6
17.Qd2 Kh7 18.Bc3 Rf7 19.Rae1 Ra8 20.f4 Nxd5 21.Bxd5 Rf8 22.Bg2 Ra6 23.Rf2 Ne7
24.Qb2 Rf7 25.Rd2 Nc6 26.d4 cxd4 27.exd4 e4 28.d5 Na7 29.Bxg7 Rxg7 30.Qd4 Nxb5
31.cxb5 Ra8 32.b6 Bd7 33.Rc2 Rc8 34.Rec1 Rxc2 35.Rxc2 g5 36.fxg5 Qxg5 37.Rc3 h5
38.h4 Qg4

[Event "aut_ch03"]
[Site "Hartberg, Stmk"]
[Date "2003.07.30"]
[Round "4"]
[Board "1"]
[White "Neubauer, Martin"]
[Black "Kummer, Helmut"]
[Result "1-0"]
[WhiteElo "2417"]
[BlackElo "2336"]
[PlyCount "71"]

1.e4 e5 2.Nf3 Nf6 3.Nxe5 d6 4.Nf3 Nxe4 5.d4 d5 6.Bd3 Be7 7.O-O Nc6 8.c4 Nf6 9.h3
O-O 10.Nc3 h6 11.a3 Be6 12.c5 Nd7 13.Ne2 Bf6 14.Bc2 Re8 15.Nf4 Nf8 16.Re1 g6
17.Be3 Bg7 18.Qd2 Qd7 19.Nxe6 Nxe6 20.Ba4 h5 21.b4 a6 22.Bh6 Bh8 23.Bf4 Nxf4
24.Qxf4 Bg7 25.g4 hxg4 26.hxg4 Rad8 27.Kg2 Kf8 28.Ne5 Bxe5 29.dxe5 Qe6 30.Rad1
d4 31.Rd3 Qd5+ 32.Rf3 Nxe5 33.Rxe5 Rxe5 34.Bb3 g5 35.Qf6 Re6 36.Qxf7#

[Event "aut_ch03"]
[Site "Hartberg, Stmk"]
[Date "2003.07.30"]
[Round "4"]
[Board "1"]
[White "Danner, Georg"]
[Black "Lendwai, Reinhard"]
[Result "1-0"]
[WhiteElo "2359"]
[BlackElo "2444"]
[PlyCount "93"]

1.d4 d5 2.c4 c6 3.Nf3 Nf6 4.e3 Bg4 5.Nc3 e6 6.Bd3 Be7 7.h3 Bh5 8.Qb3 Bxf3 9.gxf3
dxc4 10.Bxc4 b5 11.Be2 O-O 12.Bd2 Nbd7 13.Rc1 a6 14.a4 Rb8 15.axb5 cxb5 16.Ne4
e5 17.Nxf6+ Bxf6 18.d5 Nb6 19.e4 Bg5 20.Bxg5 Qxg5 21.Qe3 Qh4 22.Rc6 Nc4 23.Qc3
Nb6 24.Qxe5 Rbe8 25.Qg3 Qd8 26.Qc7 Qxc7 27.Rxc7 f5 28.Rc6 fxe4 29.fxe4 Nd7 30.f3
Ne5 31.Rc3 b4 32.Re3 a5 33.Kd2 a4 34.Rf1 Rf4 35.Rc1 Ra8 36.Ra1 g5 37.Rb3 axb3
38.Rxa8+ Kf7 39.Ke3 Rh4 40.Ra7+ Kf6 41.Ra6+ Kf7 42.Kd4 Ng6 43.Bc4 Rxh3 44.d6+
Kf6 45.e5+ Kf5 46.d7 Rh4+ 47.Kd5

[Event "aut_ch03"]
[Site "Hartberg, Stmk"]
[Date "2003.07.30"]
[Round "4"]
[Board "1"]
[White "Schroll, Gerhard"]
[Black "Freitag, Manfred"]
[Result "1-0"]
[WhiteElo "2414"]
[BlackElo "2393"]
[PlyCount "93"]

1.d4 Nf6 2.c4 g6 3.Nc3 Bg7 4.e4 d6 5.Be2 O-O 6.Bg5 Na6 7.f4 c6 8.Nf3 Nc7 9.Qd2
d5 10.Bxf6 exf6 11.exd5 cxd5 12.c5 Re8 13.O-O Bf5 14.b4 Be4 15.Rad1 Bh6 16.g3
Re7 17.Ne1 f5 18.Nc2 Ne6 19.Ne3 Re8 20.Bb5 Rf8 21.Ba4 Bg7 22.Nxe4 fxe4 23.Qc3 a5
24.Bb3 axb4 25.Qxb4 Qa5 26.Qxa5 Rxa5 27.Nc2 Rd8 28.f5 Ng5 29.f6 Bh6 30.Kg2 Ne6
31.h4 Rb5 32.Na3 Ra5 33.Nc2 Rb5 34.Rb1 Bd2 35.Rfd1 Bc3 36.Kf2 h5 37.Ke3 b6 38.a4
Ra5 39.cxb6 Rb8 40.Na3 Rxb6 41.Bxd5 Rxd5 42.Rxb6 Bxd4+ 43.Ke2 Rf5 44.Rxe6 Rf2+
45.Ke1 fxe6 46.Rxd4 Rf3 47.Nc4

[Event "aut_ch03"]
[Site "Hartberg, Stmk"]
[Date "2003.07.30"]
[Round "4"]
[Board "1"]
[White "Volkmann, Friedrich Karl"]
[Black "Titz, Heimo"]
[Result "1-0"]
[WhiteElo "2455"]
[BlackElo "2295"]
[PlyCount "55"]

1.e4 c5 2.Nf3 e6 3.b3 Nf6 4.e5 Nd5 5.Bb2 Nc6 6.g3 d6 7.exd6 Nf6 8.Bg2 Bxd6 9.O-O
O-O 10.d4 Qe7 11.dxc5 Bxc5 12.Ne5 Nxe5 13.Bxe5 Rd8 14.Qe2 a5 15.Nc3 Nd7 16.Bc7
Re8 17.Rad1 Nb6 18.Nb5 Bd7 19.Nd6 Bxd6 20.Bxd6 Qd8 21.Bxb7 Ra7 22.Bg2 Nd5 23.c4
Ra6 24.Be5 Ne7 25.Qd2 Ng6 26.Bb2 Nf8 27.Ba3 Ra7 28.Bc5

[Event "aut_ch03"]
[Site "Hartberg, Stmk"]
[Date "2003.07.30"]
[Round "4"]
[Board "1"]
[White "Ragger, Markus"]
[Black "Sommerbauer, Norbert"]
[Result "1/2-1/2"]
[WhiteElo "2347"]
[BlackElo "2413"]
[PlyCount "34"]

1.e4 c5 2.c3 e6 3.d4 d5 4.exd5 exd5 5.Nf3 Nc6 6.Bb5 Bd6 7.dxc5 Bxc5 8.O-O Nge7
9.Nbd2 O-O 10.Nb3 Bd6 11.Bd3 h6 12.Be3 Bg4 13.h3 Bh5 14.Be2 Re8 15.Nbd4 Bc7
16.Qd2 Nxd4 17.Nxd4 Bxe2

[Event "aut_ch03"]
[Site "Hartberg, Stmk"]
[Date "2003.07.31"]
[Round "5"]
[Board "1"]
[White "Kummer, Helmut"]
[Black "Danner, Georg"]
[Result "1/2-1/2"]
[WhiteElo "2336"]
[BlackElo "2359"]
[PlyCount "116"]

1.d4 f5 2.g3 Nf6 3.Bg2 g6 4.c4 Bg7 5.Nc3 O-O 6.Nf3 c6 7.O-O d6 8.b3 Qa5 9.Rb1
Ne4 10.b4 Nxc3 11.bxa5 Nxd1 12.Rxd1 Na6 13.Bf4 Re8 14.d5 c5 15.Ng5 Nc7 16.h4 Rb8
17.Rb3 h6 18.Nh3 b5 19.axb6 axb6 20.Bf1 b5 21.e4 b4 22.a3 Bd7 23.Re3 b3 24.e5 b2
25.Rb1 Rb6 26.Bd3 Ba4 27.Rbe1 Reb8 28.Bb1 Ne8 29.exd6 exd6 30.Re6 Kf7 31.Bd2 Bf8
32.g4 Rb3 33.Nf4 Nf6 34.Nxg6 Kxg6 35.g5 hxg5 36.hxg5 Bg7 37.gxf6 Bxf6 38.Rxd6
Rxa3 39.Kg2 Rf8 40.Ra6 Ra1 41.Rb6 Re8 42.Rh1 Kg7 43.Rxf6 Kxf6 44.Bc3+ Kf7
45.Bxb2 Rxb1 46.Rxb1 Rb8 47.Ra1 Rb4 48.Kf3 Rxc4 49.Rh1 Re4 50.Rh7+ Ke8 51.Rc7
Bd1+ 52.Kg2 Rg4+ 53.Kf1 Rb4 54.Bf6 Bf3 55.Ke1 Bxd5 56.Rxc5 Be4 57.f3 Bxf3
58.Rxf5 Bb7

[Event "aut_ch03"]
[Site "Hartberg, Stmk"]
[Date "2003.07.31"]
[Round "5"]
[Board "1"]
[White "Wittmann, Walter"]
[Black "Neubauer, Martin"]
[Result "1/2-1/2"]
[WhiteElo "2359"]
[BlackElo "2417"]
[PlyCount "62"]

1.e4 e5 2.Nf3 Nf6 3.Nc3 Nc6 4.Bb5 Nd4 5.Nxd4 exd4 6.e5 dxc3 7.exf6 Qxf6 8.dxc3
Bc5 9.O-O O-O 10.Qh5 d6 11.Qg5 Qxg5 12.Bxg5 a6 13.Bd3 h6 14.Bd2 a5 15.a4 Bd7
16.Rfe1 Rfe8 17.b3 d5 18.Rxe8+ Rxe8 19.c4 dxc4 20.Bxc4 b6 21.Bd3 Bd6 22.h3 g5
23.Kf1 Re7 24.Re1 Rxe1+ 25.Kxe1 Be5 26.Ke2 Kg7 27.g4 Kf6 28.f3 Bf4 29.Bc3+ Be5
30.Bd2 Bf4 31.Bc3+ Be5

[Event "aut_ch03"]
[Site "Hartberg, Stmk"]
[Date "2003.07.31"]
[Round "5"]
[Board "1"]
[White "Stanec, Nikolaus"]
[Black "Knoll, Hermann"]
[Result "1-0"]
[WhiteElo "2560"]
[BlackElo "2361"]
[PlyCount "95"]

1.d4 Nf6 2.Nf3 e6 3.g3 b5 4.Bg2 Bb7 5.O-O c5 6.b3 Be7 7.Bb2 O-O 8.dxc5 Bxc5
9.Qd3 Bc6 10.Ng5 Re8 11.Bxf6 Qxf6 12.Qxh7+ Kf8 13.Qh5 Kg8 14.Nd2 Qg6 15.Qxg6
fxg6 16.Rad1 Be7 17.h4 Bxg2 18.Kxg2 Nc6 19.Ndf3 Red8 20.Rd2 Kf8 21.Rfd1 Ke8
22.c3 Rac8 23.Ne4 Rc7 24.Nd6+ Bxd6 25.Rxd6 Ke7 26.R1d2 Rf8 27.e4 Ra8 28.Ng5 Rf8
29.Nf3 Rfc8 30.R6d3 Rf8 31.Re3 Rfc8 32.Nd4 Nxd4 33.cxd4 d6 34.Kh3 Rc2 35.Ree2
R2c3 36.Kg4 Kf7 37.Kg5 b4 38.e5 d5 39.Re3 R8c6 40.g4 Rc7 41.Rdd3 Rc2 42.Rf3+ Kg8
43.Kxg6 Rxa2 44.Rf4 Rac2 45.Rdf3 Rc8 46.Rf7 R2c7 47.h5 a5 48.g5

[Event "aut_ch03"]
[Site "Hartberg, Stmk"]
[Date "2003.08.01"]
[Round "6"]
[Board "1"]
[White "Neubauer, Martin"]
[Black "Stanec, Nikolaus"]
[Result "1/2-1/2"]
[WhiteElo "2417"]
[BlackElo "2560"]
[PlyCount "41"]

1.e4 c5 2.c3 g6 3.d4 cxd4 4.cxd4 d5 5.Nc3 dxe4 6.Bc4 Nf6 7.Qb3 e6 8.d5 exd5
9.Nxd5 Bg7 10.Bg5 O-O 11.Rd1 Nbd7 12.Ne2 a6 13.O-O b5 14.Nxf6+ Bxf6 15.Bd5 Ra7
16.Bh6 Bg7 17.Be3 Rc7 18.Bf4 Ra7 19.Be3 Rc7 20.Bf4 Ra7 21.Be3

[Event "aut_ch03"]
[Site "Hartberg, Stmk"]
[Date "2003.08.01"]
[Round "6"]
[Board "1"]
[White "Schroll, Gerhard"]
[Black "Kummer, Helmut"]
[Result "1-0"]
[WhiteElo "2414"]
[BlackElo "2336"]
[PlyCount "114"]

1.e4 e5 2.Nf3 Nc6 3.Bc4 Bc5 4.d3 Nf6 5.Nc3 d6 6.Bg5 h6 7.Bxf6 Qxf6 8.Nd5 Qd8
9.c3 a6 10.d4 Ba7 11.dxe5 Nxe5 12.Nxe5 dxe5 13.Qh5 O-O 14.Qxe5 Re8 15.Qf4 Qd6
16.Qf3 Be6 17.O-O-O Qe5 18.Bb3 Qg5+ 19.Rd2 c6 20.Ne3 Bxe3 21.fxe3 Bxb3 22.axb3
Rad8 23.Rhd1 Rxd2 24.Rxd2 Rd8 25.g3 Rxd2 26.Kxd2 Qd8+ 27.Kc2 f6 28.Qf5 Kf7 29.b4
Qe7 30.h4 g6 31.Qf4 h5 32.g4 hxg4 33.Qxg4 Qe6 34.Qf4 Qe5 35.Kd3 Kg7 36.Qg4 Kh6
37.Qd7 Qb5+ 38.Kd2 Qf1 39.Qxb7 Qg2+ 40.Kd3 Qf1+ 41.Kd4 Qd1+ 42.Kc5 Qh5+ 43.Kxc6
Qxh4 44.Qe7 Qf2 45.Qf8+ Kh7 46.e5 Qg2+ 47.Kb6 fxe5 48.Qe7+ Kh6 49.Kxa6 g5 50.b5
g4 51.Qe6+ Kh5 52.b6 Qe2+ 53.c4 Qxb2 54.b7 Kh4 55.Qh6+ Kg3 56.Qd6 Qa2+ 57.Kb5
Qb3+

[Event "aut_ch03"]
[Site "Hartberg, Stmk"]
[Date "2003.08.01"]
[Round "6"]
[Board "1"]
[White "Baumegger, Siegfried"]
[Black "Lendwai, Reinhard"]
[Result "1/2-1/2"]
[WhiteElo "2375"]
[BlackElo "2444"]
[PlyCount "99"]

1.e4 d6 2.d4 Nf6 3.Nc3 g6 4.Bg5 h6 5.Be3 a6 6.h3 Nbd7 7.Nf3 c6 8.e5 Nd5 9.Nxd5
cxd5 10.e6 Nf6 11.exf7+ Kxf7 12.Bd3 Bf5 13.O-O Qd7 14.c4 Bxd3 15.Qxd3 dxc4
16.Qxc4+ Qe6 17.Qd3 Rc8 18.Rfe1 Qf5 19.Qb3+ Qd5 20.Qa3 Bg7 21.Re2 Rc7 22.Rae1
Rhc8 23.Bd2 Bf8 24.Qd3 Qc4 25.Qxc4+ Rxc4 26.Bxh6 Bxh6 27.Rxe7+ Kg8 28.R1e6 Bg7
29.Rxb7 R4c6 30.g4 d5 31.Rxc6 Rxc6 32.Ne5 Rc1+ 33.Kg2 Rc2 34.Nxg6 Ne4 35.Ne7+
Kh8 36.Nf5 Rxf2+ 37.Kg1 Bf6 38.Rd7 Rxb2 39.Rxd5 Rxa2 40.h4 a5 41.g5 Nxg5 42.hxg5
Bxg5 43.Nd6 Be7 44.Ne4 Bb4 45.Rd7 Re2 46.Nf6 Re7 47.Rxe7 Bxe7 48.Nd5 Bg5 49.Kf1
a4 50.Ke2

[Event "aut_ch03"]
[Site "Hartberg, Stmk"]
[Date "2003.08.01"]
[Round "6"]
[Board "1"]
[White "Volkmann, Friedrich Karl"]
[Black "Freitag, Manfred"]
[Result "1-0"]
[WhiteElo "2455"]
[BlackElo "2393"]
[PlyCount "113"]

1.e4 c5 2.Nf3 d6 3.d4 cxd4 4.Nxd4 Nf6 5.Nc3 a6 6.Be2 e5 7.Nb3 Be7 8.O-O O-O
9.Kh1 b6 10.a4 Bb7 11.f3 Nbd7 12.Be3 Rc8 13.Nc1 Rxc3 14.bxc3 d5 15.exd5 Nxd5
16.Bd2 Qc7 17.Nb3 a5 18.Bb5 Rd8 19.Qe1 Nc5 20.Nxc5 Bxc5 21.Rd1 h6 22.Bc1 Bd6
23.Rd3 Nf6 24.Qh4 Be7 25.Rxd8+ Bxd8 26.Qc4 Qd6 27.Qd3 Qc7 28.Re1 Be7 29.Qc4 Bc5
30.Be3 Bd5 31.Qe2 e4 32.fxe4 Nxe4 33.Bd4 Kh7 34.Qh5 Qd6 35.Bd3 g6 36.Bxc5 Nxc5
37.Qe5 Qxe5 38.Rxe5 Be6 39.Bb5 Kg7 40.Kg1 Kf6 41.Re1 Ke7 42.Kf2 Kd6 43.Ke3 Ke5
44.Rd1 Bd5 45.g3 f5 46.c4 Bb7 47.Rd8 g5 48.Re8+ Kf6 49.Rh8 Kg7 50.Rd8 f4+
51.gxf4 gxf4+ 52.Ke2 Bg2 53.Kf2 Bb7 54.Rd4 f3 55.Ke3 Kf7 56.Rd6 f2 57.Rd1

[Event "aut_ch03"]
[Site "Hartberg, Stmk"]
[Date "2003.08.01"]
[Round "6"]
[Board "1"]
[White "Sommerbauer, Norbert"]
[Black "Titz, Heimo"]
[Result "1/2-1/2"]
[WhiteElo "2413"]
[BlackElo "2295"]
[PlyCount "151"]

1.e4 c5 2.Nf3 e6 3.c4 b6 4.d4 cxd4 5.Nxd4 Bb7 6.Nc3 a6 7.Be2 Qc7 8.a3 Nf6 9.f3
d6 10.Be3 Be7 11.O-O Nbd7 12.Qd2 O-O 13.Rfc1 Rfc8 14.b4 Qb8 15.Kh1 Ne5 16.Na4
Bd8 17.Rab1 Ned7 18.Nb3 Bc6 19.Nb2 Be7 20.a4 Bd8 21.a5 bxa5 22.Nxa5 Bxa5 23.bxa5
Qc7 24.Nd3 Rab8 25.Rxb8 Rxb8 26.Nb4 Bb7 27.c5 dxc5 28.Nd3 Rc8 29.Nxc5 Nxc5
30.Rxc5 Qd7 31.Rxc8+ Qxc8 32.Kg1 Nd7 33.Qd6 Nb8 34.Bd4 Nc6 35.Bc3 h6 36.Kf1 Qb8
37.Qd7 Qc8 38.Qxc8+ Bxc8 39.Kf2 Kf8 40.Ke3 f6 41.f4 Ke7 42.e5 f5 43.Kd3 g6
44.Kc4 Kd7 45.Bb4 h5 46.Bd1 Kc7 47.g3 Bd7 48.h3 Bc8 49.Bd6+ Kd8 50.Bb4 Kc7
51.Be2 Bd7 52.Bd6+ Kb7 53.Bf3 Kc8 54.Bb4 Kc7 55.Be2 Bc8 56.g4 hxg4 57.hxg4 Bd7
58.Bf3 Kc8 59.Kc5 Kc7 60.Be2 Bc8 61.Kc4 Kd8 62.g5 Bb7 63.Bd1 Bc8 64.Kc5 Kc7
65.Kc4 Bd7 66.Bf3 Kc8 67.Kc5 Kc7 68.Be2 Bc8 69.Kc4 Bd7 70.Bd1 Kd8 71.Kc3 Kc7
72.Bd6+ Kd8 73.Bc5 Bc8 74.Be2 Kd7 75.Bb4 Bb7 76.Kc4

[Event "aut_ch03"]
[Site "Hartberg, Stmk"]
[Date "2003.08.02"]
[Round "7"]
[Board "1"]
[White "Titz, Heimo"]
[Black "Schweda, Roland"]
[Result "1-0"]
[WhiteElo "2295"]
[BlackElo "2381"]
[PlyCount "77"]

1.c4 g6 2.d4 Bg7 3.Nc3 Nf6 4.e4 O-O 5.Nf3 d6 6.Be3 Na6 7.Be2 Ng4 8.Bg5 h6 9.Bh4
c5 10.O-O Bd7 11.Re1 Re8 12.Rc1 Qa5 13.h3 cxd4 14.Nxd4 Ne5 15.Nb3 Qd8 16.Qd2 g5
17.Bg3 Ng6 18.Bh5 Be6 19.Nd5 Rc8 20.Nd4 Bxd5 21.exd5 Qb6 22.Nf5 Bf8 23.b3 Nc5
24.Re2 Nd7 25.Bxg6 fxg6 26.Nd4 Bg7 27.Ne6 Bf6 28.Kh2 Nf8 29.Rce1 Nxe6 30.Rxe6
Kf7 31.R1e4 Red8 32.Qe2 Rc7 33.f4 Rdd7 34.fxg5 hxg5 35.Bf2 Qa5 36.Bd4 Kg7 37.Qf2
Bxd4 38.Qxd4+ Kh7 39.Re2